[Event "POL-chT2 U18"]
[Site "Augustow"]
[Date "1996.??.??"]
[Round "?"]
[White "Murach, T."]
[Black "Szewczyk, Pawel"]
[Result "0-1"]
[WhiteElo "1800"]
[BlackElo "2110"]
[PlyCount "48"]
[EventDate "1996.??.??"]
[EventType "team"]
[EventRounds "10"]
[EventCountry "POL"]
[SourceTitle "EXT 2003"]
[Source "ChessBase"]
[SourceDate "2002.11.25"]
[SourceVersion "1"]
[SourceVersionDate "2002.11.25"]
[SourceQuality "1"]

1. e4 c5 2. Nf3 e6 3. d4 cxd4 4. Nxd4 Nf6 5. Nc3 d6 6. Be2 a6 7. Be3 Qc7 8. a4 b6 9. f4 Nbd7 10. Bf3 Bb7 11. Nb3 Be7 12. 0-0 0-0 13. Kh1 Nc5 14. Nd2 Rfd8 15. Bd4 e5 16. fxe5 dxe5 17. Bxc5 Bxc5 18. Qe2 Bb4 19. Qc4 Qe7 20. Ndb1 Rac8 21. Qb3 a5 22. Nd5 Nxd5 23. exd5 e4 24. Qe3 exf3 0-1